|
|
|
|
| LEADER |
00000nab a2200000 a 4500 |
| 001 |
vtls000516108 |
| 003 |
SK-MaSNL |
| 005 |
20260304084128.0 |
| 008 |
250425c1994 xo 0 slo |
| 015 |
|
|
|a SNBRB19rr/mm-uuuuu
|
| 035 |
|
|
|a CL0516246
|
| 035 |
|
|
|a urn:nbn:sk:snk-abboeh
|
| 035 |
|
|
|a (urnnbn)urn:nbn:sk:snk:ar-a09uhl
|
| 035 |
|
|
|a (uuid)afa21cfc-dfc8-4000-aeb3-533b8c700359
|
| 040 |
|
|
|a SNKBUCL
|b slo
|c SNKBUCL
|e AACR2
|
| 041 |
0 |
|
|a slo
|
| 044 |
|
|
|a xo
|c SK
|
| 080 |
|
|
|a 534.1:519.6
|2 1981
|
| 080 |
|
|
|a 519.6
|2 1981
|
| 100 |
1 |
|
|a Wiszt, Erich,
|d 1949-
|4 aut
|9 39885
|
| 245 |
1 |
0 |
|a Výpočet interakcie zvukového poľa a kmitajúcej konštrukcie metódou konečných prvkov
|c Erich Wiszt, Oldřich Šlížek
|
| 300 |
|
|
|b Obr. 3, tab. 5, res. angl., lit. 7 zázn. v angl., ruš., slov.
|
| 650 |
0 |
7 |
|a konštrukcie kmitajúce
|2 snkbucl
|9 989383
|
| 650 |
0 |
7 |
|a polia zvukové
|2 snkbucl
|9 1183606
|
| 650 |
0 |
7 |
|a metóda konečných prvkov
|2 snkbucl
|9 15028
|
| 655 |
|
7 |
|a články z novín a časopisov
|2 snkbucl
|9 267496
|
| 700 |
1 |
|
|a Šlížek, Oldřich
|4 aut
|9 989382
|
| 773 |
0 |
|
|t Strojnícky časopis
|g Roč. 45, č. 1 (1994), s. 46-57
|x 0039-2472
|
| 850 |
|
|
|a Slovenská národná knižnica
|
| 852 |
|
|
|a Slovenská národná knižnica
|
| 954 |
|
|
|a odborná, vedecká literatúra pôvodná (slovenská)
|2 lita
|
| 958 |
|
|
|a article15
|
| 958 |
|
|
|a NB
|
| 958 |
|
|
|a RK
|
| 958 |
|
|
|a OND
|
| 958 |
|
|
|a EUIPO
|
| 992 |
|
|
|a RBX
|
| 999 |
|
|
|c 2802113
|d 2804043
|